000 08067nam a22006017a 4500
005 20091212112229.0
010 _a
020 _a
_c200.00
035 _a B-373468-498
037 _b एच.के.बुक्स/ PUB
082 _a507.8
100 _aराहुल कुमार
_917233
245 _aसाइंस के 101 प्रोजेक्ट्स /
_cराहुल कुमार
246 _bby Rahul Kumar
_aScience ke 101 projects
260 _aदिल्ली
_bएच.के.बुक्स
_c2009
270 _aशिव मार्किट, न्यू चन्द्रावल, जवाहर नगर
_bदिल्ली
_e110007
300 _a136पृ
_c24सेमी (सजिल्द)
_bसचित्र
650 _aविज्ञान
_xअध्ययन एवं अध्यापन
_917234
650 _aScience
_xStudy and teaching
_917235
942 _2ddc
_cHN
_mराहुल
_h507.8
999 _c32624
_d32624